[Event "Nittenau-ch 13th"]
[Site "Nittenau"]
[Date "2013.09.15"]
[Round "5"]
[White "Kammer, Thomas"]
[Black "Langensteiner, Matthias"]
[Result "1/2-1/2"]
[WhiteElo "1917"]
[BlackElo "1985"]
[PlyCount "82"]
[EventDate "2013.09.13"]
[EventType "swiss"]
[EventRounds "5"]
[EventCountry "GER"]
[SourceTitle "EXT 2022"]
[Source "ChessBase"]
[SourceDate "2021.10.06"]
[SourceVersion "1"]
[SourceVersionDate "2021.10.06"]
[SourceQuality "1"]

1. e4 e6 2. d4 d5 3. Nc3 Nf6 4. e5 Nfd7 5. Nf3 c5 6. dxc5 Bxc5 7. Bd3 Nc6 8. Qe2 a6 9. Bf4 b5 10. a3 Nb6 11. 0-0 Nc4 12. Bc1 Qc7 13. Bxc4 bxc4 14. b4 cxb3 15. cxb3 a5 16. Nb5 Qb6 17. Bd2 Ba6 18. a4 0-0 19. Rfc1 Rfc8 20. Rc2 Nd4 21. Nfxd4 Bxd4 22. Rac1 Rxc2 23. Rxc2 Bxb5 24. axb5 Bc5 25. Ra2 Ra7 26. g3 h6 27. Kg2 Bd4 28. Ra4 Bc5 29. Rg4 Kf8 30. Qd3 Qc7 31. Qh7 Qxe5 32. Qh8+ Ke7 33. Bxh6 Qe2 34. Bg5+ f6 35. Qxg7+ Ke8 36. Qg8+ Bf8 37. Bxf6 Rf7 38. Bd4 Qf3+ 39. Kg1 Qd1+ 40. Kg2 Qf3+ 41. Kg1 Qd1+ 1/2-1/2

[Event "Nittenau-ch 10th"]
[Site "Nittenau"]
[Date "2010.10.04"]
[Round "1"]
[White "Karl, Thomas"]
[Black "Kammer, Thomas"]
[Result "1/2-1/2"]
[WhiteElo "1411"]
[BlackElo "1881"]
[PlyCount "58"]
[EventDate "2010.09.17"]
[EventType "swiss"]
[EventRounds "5"]
[EventCountry "GER"]
[SourceTitle "EXT 2022"]
[Source "ChessBase"]
[SourceDate "2021.10.06"]
[SourceVersion "1"]
[SourceVersionDate "2021.10.06"]
[SourceQuality "1"]

1. d4 f5 2. Nf3 Nf6 3. c4 g6 4. Nc3 Bg7 5. e3 0-0 6. Qc2 d6 7. Be2 e6 8. 0-0 Qe7 9. b3 Nc6 10. Rd1 e5 11. dxe5 dxe5 12. Bb2 e4 13. Nd4 Ne5 14. Qc1 c5 15. Ba3 b6 16. Rd2 a6 17. Qe1 Qc7 18. Nc2 Nfg4 19. Nd5 Nf3+ 20. Bxf3 Qxh2+ 21. Kf1 exf3 22. gxf3 Ne5 23. Ke2 Nd7 24. Rad1 Rb8 25. Ne7+ Kh8 26. Rd5 Nf6 27. Rd6 Bb7 28. Bb2 Nh5 29. Bxg7+ Nxg7 1/2-1/2

[Event "Nittenau-ch 09th"]
[Site "Nittenau"]
[Date "2009.09.20"]
[Round "5"]
[White "Kammer, Thomas"]
[Black "Kellner, Christian"]
[Result "1-0"]
[WhiteElo "1906"]
[BlackElo "1476"]
[PlyCount "71"]
[EventDate "2009.09.18"]
[EventType "swiss"]
[EventRounds "5"]
[EventCountry "GER"]
[SourceTitle "EXT 2022"]
[Source "ChessBase"]
[SourceDate "2021.10.06"]
[SourceVersion "1"]
[SourceVersionDate "2021.10.06"]
[SourceQuality "1"]

1. e4 e5 2. Nf3 Nc6 3. d4 exd4 4. Bc4 Nf6 5. e5 d5 6. Bb5 Ne4 7. Nxd4 Bd7 8. Bxc6 Bxc6 9. 0-0 Bc5 10. Nf5 Rg8 11. Be3 Bxe3 12. Nxe3 d4 13. Nf5 Qg5 14. Ng3 0-0-0 15. Qh5 Qxh5 16. Nxh5 Rd5 17. f4 g6 18. Ng3 Rc5 19. Na3 Nd2 20. Rfd1 Nc4 21. Nxc4 Rxc4 22. Rd2 d3 23. cxd3 Rxf4 24. Rf1 Rxf1+ 25. Nxf1 Rd8 26. d4 Bd5 27. a3 Kd7 28. Ne3 Be6 29. Kf2 c6 30. Nd1 Ke7 31. Nc3 f6 32. exf6+ Kxf6 33. Ne4+ Kf5 34. Ke3 g5 35. Rf2+ Kg6 36. Rf6+ 1-0

[Event "Nittenau-ch 09th"]
[Site "Nittenau"]
[Date "2009.09.19"]
[Round "2"]
[White "Meier, Christian"]
[Black "Kammer, Thomas"]
[Result "0-1"]
[WhiteElo "1333"]
[BlackElo "1906"]
[PlyCount "74"]
[EventDate "2009.09.18"]
[EventType "swiss"]
[EventRounds "5"]
[EventCountry "GER"]
[SourceTitle "EXT 2022"]
[Source "ChessBase"]
[SourceDate "2021.10.06"]
[SourceVersion "1"]
[SourceVersionDate "2021.10.06"]
[SourceQuality "1"]

1. d4 f5 2. g3 Nf6 3. Bg2 g6 4. c4 Bg7 5. Nf3 0-0 6. 0-0 d6 7. Nc3 Qe8 8. Re1 Qf7 9. b3 h6 10. Bb2 Nc6 11. d5 Ne5 12. Nxe5 dxe5 13. Nb5 Ne8 14. e3 Bd7 15. Na3 e4 16. Bxg7 Qxg7 17. Qd4 e5 18. Qd2 Qe7 19. Nc2 c5 20. a4 a5 21. Na3 Nd6 22. Nb5 Bxb5 23. axb5 b6 24. Qc2 Rf7 25. Ra4 Ra7 26. Qe2 Qf6 27. Rf1 Kh7 28. Qb2 Rae7 29. Re1 Qg5 30. h4 Qf6 31. Kf1 g5 32. hxg5 Qxg5 33. Bh1 Qh5 34. Kg2 f4 35. Qd2 f3+ 36. Kg1 Qh3 37. Qc2 Kg7 0-1

[Event "Oberpfalz-ch M1"]
[Site "Kelheim"]
[Date "2009.04.07"]
[Round "8"]
[White "Giessmann, Stephan"]
[Black "Kammer, Thomas"]
[Result "1-0"]
[WhiteElo "2222"]
[BlackElo "1886"]
[PlyCount "59"]
[EventDate "2009.04.04"]
[EventType "swiss"]
[EventRounds "8"]
[EventCountry "GER"]
[SourceTitle "EXT 2022"]
[Source "ChessBase"]
[SourceDate "2021.10.06"]
[SourceVersion "1"]
[SourceVersionDate "2021.10.06"]
[SourceQuality "1"]

1. d4 f5 2. c4 Nf6 3. Nc3 d6 4. e3 g6 5. Nf3 Bg7 6. Be2 0-0 7. 0-0 e6 8. b3 Qe7 9. Bb2 a5 10. Qc2 Na6 11. a3 c6 12. e4 d5 13. exd5 exd5 14. Rfe1 Qd8 15. cxd5 cxd5 16. Rac1 Bd7 17. Ne5 Rc8 18. Qd2 Ne4 19. Nxe4 fxe4 20. Nxd7 Qxd7 21. Qxa5 Bh6 22. Rxc8 Rxc8 23. h3 Rc2 24. Bg4 Qf7 25. Re2 Rxe2 26. Bxe2 e3 27. Qd8+ Kg7 28. Bf3 Nc7 29. a4 exf2+ 30. Kxf2 1-0

[Event "Oberpfalz-ch M1"]
[Site "Kelheim"]
[Date "2009.04.06"]
[Round "5"]
[White "Langensteiner, Matthias"]
[Black "Kammer, Thomas"]
[Result "1-0"]
[WhiteElo "2027"]
[BlackElo "1886"]
[PlyCount "61"]
[EventDate "2009.04.04"]
[EventType "swiss"]
[EventRounds "8"]
[EventCountry "GER"]
[SourceTitle "EXT 2022"]
[Source "ChessBase"]
[SourceDate "2021.10.06"]
[SourceVersion "1"]
[SourceVersionDate "2021.10.06"]
[SourceQuality "1"]

1. d4 f5 2. c4 Nf6 3. Nc3 d6 4. g3 g6 5. Bg2 Bg7 6. Nf3 0-0 7. 0-0 Qe8 8. d5 a5 9. Qc2 Na6 10. a3 c6 11. h3 Bd7 12. Be3 cxd5 13. cxd5 b5 14. Nd4 b4 15. axb4 Nxb4 16. Qd2 Qc8 17. Kh2 Nh5 18. f4 Bf6 19. Ra3 Ng7 20. Rfa1 Qc4 21. Rxa5 Rxa5 22. Rxa5 e5 23. dxe6 Nxe6 24. Nxe6 Bxe6 25. Qxd6 Rd8 26. Qb6 Re8 27. Ra4 Be7 28. Na2 Qxe2 29. Nxb4 Bxb4 30. Rxb4 Bd5 31. Bf2 1-0

[Event "Oberpfalz-ch M1"]
[Site "Kelheim"]
[Date "2009.04.05"]
[Round "3"]
[White "Kammer, Thomas"]
[Black "Weigert, Wilhelm"]
[Result "0-1"]
[WhiteElo "1886"]
[BlackElo "2061"]
[PlyCount "116"]
[EventDate "2009.04.04"]
[EventType "swiss"]
[EventRounds "8"]
[EventCountry "GER"]
[SourceTitle "EXT 2022"]
[Source "ChessBase"]
[SourceDate "2021.10.06"]
[SourceVersion "1"]
[SourceVersionDate "2021.10.06"]
[SourceQuality "1"]

1. e4 d6 2. d4 Nf6 3. Nc3 g6 4. Nf3 Bg7 5. Be3 0-0 6. Qd2 Bg4 7. Be2 Nc6 8. 0-0 e5 9. d5 Ne7 10. h3 Bd7 11. Nh2 b5 12. Bd3 c5 13. dxc6 Bxc6 14. Ng4 Nxg4 15. hxg4 b4 16. Ne2 d5 17. exd5 Nxd5 18. Bc5 Re8 19. Rfd1 Qa5 20. Be3 Nxe3 21. Qxe3 Rad8 22. Bc4 Qc7 23. Ng3 Rd4 24. Be2 Ba4 25. b3 Bd7 26. Rd2 Rd8 27. Rad1 Bc6 28. f3 Qa5 29. Bc4 Bd5 30. Bxd5 Qxd5 31. Rxd4 exd4 32. Qd3 Qa5 33. Ne4 Rc8 34. g5 Qb6 35. f4 a5 36. g3 Rxc2 37. Nf6+ Bxf6 38. gxf6 Qc6 39. Rd2 Rc1+ 40. Rd1 Rc3 41. Qxd4 Rxg3+ 42. Kf1 Qh1+ 43. Kf2 Qh2+ 44. Kf1 h5 45. Rd2 Qh1+ 46. Ke2 Qf3+ 47. Ke1 Rh3 48. Re2 Qh1+ 49. Kd2 Rc3 50. Re1 Qc6 51. Re2 Rc2+ 52. Kd1 Rc1+ 53. Kd2 Rf1 54. Ke3 Qf3+ 55. Kd2 h4 56. Qe3 Qd5+ 57. Kc2 Qd1+ 58. Kb2 Qb1# 0-1

[Event "Nittenau-ch 8th"]
[Site "Nittenau"]
[Date "2008.11.15"]
[Round "3"]
[White "Czikuss, Hans Joachim"]
[Black "Kammer, Thomas"]
[Result "1-0"]
[WhiteElo "1832"]
[BlackElo "1851"]
[PlyCount "77"]
[EventDate "2008.11.14"]
[EventType "swiss"]
[EventRounds "5"]
[EventCountry "GER"]
[SourceTitle "EXT 2010"]
[Source "ChessBase"]
[SourceDate "2010.11.25"]
[SourceVersion "1"]
[SourceVersionDate "2010.11.25"]
[SourceQuality "1"]

1. Nf3 d6 2. c4 f5 3. d4 Nf6 4. g3 g6 5. b4 Bg7 6. Bb2 0-0 7. Bg2 c6 8. 0-0 Bd7 9. a4 Na6 10. Qb3 c5 11. bxc5 dxc5 12. e3 Rb8 13. Nc3 Nc7 14. Ne5 b6 15. Nb5 Ne4 16. Rfd1 a6 17. Nxc7 Qxc7 18. Nxd7 Qxd7 19. Bxe4 fxe4 20. Qc2 Qf5 21. Qe2 h5 22. Rd2 Bh6 23. Rb1 h4 24. g4 Qc8 25. Kh1 Rf3 26. Rg1 Qd7 27. g5 Bg7 28. dxc5 Qxa4 29. Bxg7 Kxg7 30. Rg4 Qa1+ 31. Rd1 Qe5 32. Qc2 Rh3 33. Rg2 bxc5 34. Rd5 Qc7 35. Qc3+ Kh7 36. Qe5 Rb1+ 37. Rg1 Rxg1+ 38. Kxg1 Qb7 39. Kg2 1-0

[Event "Oberpfalz-ch M1"]
[Site "Kareth Lappersdorf"]
[Date "2008.03.18"]
[Round "7"]
[White "Kammer, Thomas"]
[Black "Noeckler, Alexander"]
[Result "0-1"]
[WhiteElo "1832"]
[BlackElo "2020"]
[PlyCount "136"]
[EventDate "2008.03.15"]
[EventType "swiss"]
[EventRounds "8"]
[EventCountry "GER"]
[SourceTitle "EXT 2022"]
[Source "ChessBase"]
[SourceDate "2021.10.06"]
[SourceVersion "1"]
[SourceVersionDate "2021.10.06"]
[SourceQuality "1"]

1. e4 c5 2. c3 e6 3. d4 Qb6 4. Nf3 Nf6 5. e5 Ng8 6. Be2 d6 7. 0-0 d5 8. dxc5 Bxc5 9. b4 Bf8 10. Na3 a6 11. Nc2 Ne7 12. Bd3 Ng6 13. Re1 Be7 14. Ncd4 Bd7 15. Bd2 Nc6 16. a4 Qc7 17. Qe2 0-0 18. a5 Rae8 19. Rac1 Rc8 20. h4 Rfe8 21. h5 Nf8 22. Nh2 f5 23. f4 Red8 24. g4 g6 25. gxf5 gxf5 26. Kh1 Na7 27. Rg1+ Kf7 28. Nhf3 Ke8 29. Rg7 Nc6 30. Nxc6 Bxc6 31. Nd4 Qb8 32. Rcg1 Kd7 33. Rf7 Re8 34. Rgg7 Rcd8 35. Bxf5 exf5 36. e6+ Kc8 37. Rxe7 Rxe7 38. Rxe7 Qd6 39. Nxc6 Qxc6 40. Qe5 d4+ 41. Kh2 Rd5 42. Qg7 Nxe6 43. Qg8+ Nd8 44. cxd4 Rxd4 45. Be3 Rd1 46. Qg2 Qf6 47. Qc2+ Nc6 48. Re8+ Rd8 49. Rxd8+ Kxd8 50. Bb6+ Ke7 51. Kh3 Kf7 52. Bc5 Kg7 53. Qg2+ Kf7 54. Qd2 Qe6 55. Qd3 Kg8 56. Qg3+ Kf7 57. Qd3 Ke8 58. Qc3 Qf7 59. Qf3 Kd7 60. Qd1+ Kc8 61. Qe2 Nd8 62. Bd6 Kd7 63. Be5 Qd5 64. Kg3 Nc6 65. Bc3 Kd6 66. Qd2 Qxd2 67. Bxd2 Nd4 68. Kh4 Nf3+ 0-1

[Event "Oberpfalz-ch M1"]
[Site "Kareth Lappersdorf"]
[Date "2008.03.17"]
[Round "5"]
[White "Kammer, Thomas"]
[Black "Werner, Claus"]
[Result "0-1"]
[WhiteElo "1832"]
[BlackElo "2239"]
[PlyCount "62"]
[EventDate "2008.03.15"]
[EventType "swiss"]
[EventRounds "8"]
[EventCountry "GER"]
[SourceTitle "EXT 2022"]
[Source "ChessBase"]
[SourceDate "2021.10.06"]
[SourceVersion "1"]
[SourceVersionDate "2021.10.06"]
[SourceQuality "1"]

1. e4 Nf6 2. e5 Nd5 3. Bc4 e6 4. Nf3 c5 5. c3 b6 6. 0-0 Bb7 7. d4 Be7 8. Qe2 Qc7 9. Rd1 d6 10. Bb5+ Nd7 11. c4 Nb4 12. a3 Nc6 13. d5 exd5 14. exd6 Qxd6 15. Rxd5 Qe6 16. Qd1 0-0-0 17. Bf4 Bf6 18. Nc3 Bxc3 19. bxc3 Nf6 20. Rxd8+ Rxd8 21. Qc2 Qe4 22. Qxe4 Nxe4 23. Ng5 Nxc3 24. Kf1 Rd7 25. Re1 f6 26. Ne4 Nxe4 27. Rxe4 Rd1+ 28. Re1 Rxe1+ 29. Kxe1 Nd4 30. Bc1 Bxg2 31. a4 Bc6 0-1

[Event "Oberpfalz-ch M2"]
[Site "Windischeschenbach"]
[Date "2007.04.03"]
[Round "7"]
[White "Werner, Holger"]
[Black "Kammer, Thomas"]
[Result "0-1"]
[WhiteElo "1938"]
[BlackElo "1861"]
[PlyCount "54"]
[EventDate "2007.03.31"]
[EventType "swiss"]
[EventRounds "8"]
[EventCountry "GER"]
[SourceTitle "EXT 2022"]
[Source "ChessBase"]
[SourceDate "2021.10.06"]
[SourceVersion "1"]
[SourceVersionDate "2021.10.06"]
[SourceQuality "1"]

1. e4 e6 2. d3 d5 3. Nd2 b6 4. Ngf3 Nf6 5. g3 dxe4 6. dxe4 Bc5 7. Bb5+ c6 8. Bd3 e5 9. b3 Bh3 10. Nc4 Ng4 11. Be3 Nxe3 12. Nxe3 Bxe3 13. fxe3 Nd7 14. Nh4 g6 15. Bf1 Bxf1 16. Rxf1 Qe7 17. Qd3 Qb4+ 18. Qd2 Qxd2+ 19. Kxd2 Nc5 20. Nf3 Nxe4+ 21. Kd3 Nc5+ 22. Kc4 f6 23. Rad1 Ke7 24. Nd2 Rad8 25. b4 Ne6 26. b5 cxb5+ 27. Kxb5 Rd5+ 0-1

[Event "Oberpfalz-ch M2"]
[Site "Windischeschenbach"]
[Date "2007.04.02"]
[Round "5"]
[White "Kammer, Thomas"]
[Black "Stark, Martin"]
[Result "1-0"]
[WhiteElo "1861"]
[BlackElo "1754"]
[PlyCount "79"]
[EventDate "2007.03.31"]
[EventType "swiss"]
[EventRounds "8"]
[EventCountry "GER"]
[SourceTitle "EXT 2022"]
[Source "ChessBase"]
[SourceDate "2021.10.06"]
[SourceVersion "1"]
[SourceVersionDate "2021.10.06"]
[SourceQuality "1"]

1. e4 c5 2. c3 Qa5 3. Nf3 Nc6 4. Be2 d6 5. 0-0 g6 6. d4 cxd4 7. cxd4 Bg7 8. Nc3 Nf6 9. h3 0-0 10. Be3 e6 11. a3 d5 12. b4 Qc7 13. e5 Ne4 14. Rc1 Nxc3 15. Rxc3 Qb6 16. Qd2 Bd7 17. Nh2 Ne7 18. Ng4 Bb5 19. Bxb5 Qxb5 20. Bh6 Nf5 21. Bxg7 Kxg7 22. Qg5 Qe8 23. Nf6 Qd8 24. Rfc1 h6 25. Qf4 Qb6 26. Rc5 Qa6 27. g4 g5 28. Qf3 b6 29. Rc7 Rac8 30. gxf5 Rxc7 31. Rxc7 Rc8 32. Rxc8 Qxc8 33. fxe6 Qxe6 34. Nxd5 Qc8 35. Qf6+ Kh7 36. Qxf7+ Kh8 37. Nf6 Qc1+ 38. Kg2 Qc6+ 39. d5 Qxf6 40. Qxf6+ 1-0

[Event "Oberpfalz-ch M2"]
[Site "Windischeschenbach"]
[Date "2007.04.02"]
[Round "6"]
[White "Neubauer, Martin2222"]
[Black "Kammer, Thomas"]
[Result "1/2-1/2"]
[WhiteElo "1816"]
[BlackElo "1861"]
[PlyCount "41"]
[EventDate "2007.03.31"]
[EventType "swiss"]
[EventRounds "8"]
[EventCountry "GER"]
[SourceTitle "EXT 2022"]
[Source "ChessBase"]
[SourceDate "2021.10.06"]
[SourceVersion "1"]
[SourceVersionDate "2021.10.06"]
[SourceQuality "1"]

1. e4 e6 2. Nc3 d5 3. g3 dxe4 4. Nxe4 Bd7 5. d4 Bc6 6. f3 Nf6 7. Bg2 Nbd7 8. c4 Bxe4 9. fxe4 e5 10. Be3 Bb4+ 11. Kf2 Qe7 12. d5 Bc5 13. Qe2 a5 14. h3 0-0 15. Bf3 Bxe3+ 16. Qxe3 Qc5 17. Qxc5 Nxc5 18. Ke3 Ne8 19. Ne2 Nd6 20. Rac1 f5 21. Bg2 1/2-1/2

[Event "Oberpfalz-ch M2"]
[Site "Windischeschenbach"]
[Date "2007.04.01"]
[Round "3"]
[White "Cserti, Istvan"]
[Black "Kammer, Thomas"]
[Result "0-1"]
[WhiteElo "1777"]
[BlackElo "1861"]
[PlyCount "98"]
[EventDate "2007.03.31"]
[EventType "swiss"]
[EventRounds "8"]
[EventCountry "GER"]
[SourceTitle "EXT 2022"]
[Source "ChessBase"]
[SourceDate "2021.10.06"]
[SourceVersion "1"]
[SourceVersionDate "2021.10.06"]
[SourceQuality "1"]

1. e4 e6 2. d4 d5 3. Nc3 Bb4 4. e5 Ne7 5. a3 Bxc3+ 6. bxc3 c5 7. a4 Qa5 8. Bd2 Nbc6 9. Nf3 Bd7 10. c4 Qc7 11. c3 h6 12. h4 b6 13. Bd3 Na5 14. cxd5 exd5 15. e6 Bxe6 16. Ne5 c4 17. Bc2 Nec6 18. Bf4 Nxe5 19. Bxe5 Qe7 20. Qf3 f6 21. Bg3 Bg4+ 22. Qe3 Qxe3+ 23. fxe3 Bh5 24. Rf1 Kf7 25. Rb1 Rhe8 26. Kf2 Bg6 27. Bxg6+ Kxg6 28. Rb5 Rad8 29. Bf4 Kf5 30. Kf3 g5 31. g4+ Kg6 32. h5+ Kg7 33. Bg3 Re6 34. Re1 Nb3 35. Re2 Rd7 36. Rb2 Kf7 37. R2xb3 cxb3 38. Rxb3 Rc6 39. Be1 Rc4 40. a5 bxa5 41. Rb5 Ra4 42. Bd2 Ra2 43. Ke2 a4 44. Kd3 Rd6 45. Rb7+ Ke6 46. Rxa7 Rb6 47. Bc1 Rb1 48. Ra6+ Kd7 49. Bd2 Rd1 0-1

[Event "Oberpfalz-ch M2"]
[Site "Windischeschenbach"]
[Date "2007.03.31"]
[Round "2"]
[White "Kammer, Thomas"]
[Black "Gogeissl, Christian"]
[Result "1-0"]
[WhiteElo "1861"]
[BlackElo "1761"]
[PlyCount "75"]
[EventDate "2007.03.31"]
[EventType "swiss"]
[EventRounds "8"]
[EventCountry "GER"]
[SourceTitle "EXT 2022"]
[Source "ChessBase"]
[SourceDate "2021.10.06"]
[SourceVersion "1"]
[SourceVersionDate "2021.10.06"]
[SourceQuality "1"]

1. e4 e5 2. f4 d5 3. exd5 e4 4. d3 Nf6 5. dxe4 Nxe4 6. Nf3 Bc5 7. Qe2 Bf2+ 8. Kd1 Qxd5+ 9. Nfd2 f5 10. Nc3 Qd4 11. Ncxe4 fxe4 12. Qxe4+ Qxe4 13. Nxe4 Bd4 14. c3 Bb6 15. Bc4 Bg4+ 16. Kc2 Bf5 17. Re1 Nd7 18. g4 Bxe4+ 19. Rxe4+ Kd8 20. f5 h6 21. Bf4 Re8 22. Rxe8+ Kxe8 23. h4 Bf2 24. Rh1 Nf6 25. g5 Ng4 26. f6 gxf6 27. gxh6 Kf8 28. Rd1 Ke7 29. Rd2 Rh8 30. Re2+ Kd8 31. Be6 Be3 32. Bxe3 Nxe3+ 33. Rxe3 Rxh6 34. Rh3 Ke7 35. Bf5 Rh5 36. Bg6 Rh6 37. h5 Kf8 38. Re3 1-0

[Event "Nittenau-ch 7th"]
[Site "Nittenau"]
[Date "2007.??.??"]
[Round "1"]
[White "Arnold, Sebastian"]
[Black "Kammer, Thomas"]
[Result "0-1"]
[WhiteElo "1397"]
[BlackElo "1843"]
[PlyCount "58"]
[EventDate "2007.??.??"]
[EventType "swiss"]
[EventRounds "5"]
[EventCountry "GER"]
[SourceTitle "EXT 2010"]
[Source "ChessBase"]
[SourceDate "2010.11.25"]
[SourceVersion "1"]
[SourceVersionDate "2010.11.25"]
[SourceQuality "1"]

1. e4 e6 2. d4 d5 3. exd5 exd5 4. Nf3 Nf6 5. Be3 Be7 6. Be2 0-0 7. 0-0 Nc6 8. c3 Ne4 9. Nfd2 Bd6 10. Qb3 Ne7 11. f3 Nf5 12. fxe4 Nxe3 13. Rf3 Qg5 14. g3 Bg4 15. e5 Be7 16. Rf2 c6 17. Bxg4 Nxg4 18. Rf4 f6 19. Nf3 Qh5 20. exf6 Bxf6 21. Qd1 g5 22. Rxf6 Rxf6 23. Nbd2 Raf8 24. h4 Ne3 25. Qe2 Rxf3 26. Qh2 Qg4 27. Re1 Rxg3+ 28. Qg2 Rxg2+ 29. Kh1 Qh3# 0-1

[Event "Nittenau-ch 7th"]
[Site "Nittenau"]
[Date "2007.??.??"]
[Round "5"]
[White "Pokorny, Fabian"]
[Black "Kammer, Thomas"]
[Result "1/2-1/2"]
[WhiteElo "1843"]
[BlackElo "1501"]
[PlyCount "74"]
[EventDate "2007.??.??"]
[EventType "swiss"]
[EventRounds "5"]
[EventCountry "GER"]
[SourceTitle "EXT 2010"]
[Source "ChessBase"]
[SourceDate "2010.11.25"]
[SourceVersion "1"]
[SourceVersionDate "2010.11.25"]
[SourceQuality "1"]

1. e4 e6 2. d4 d5 3. Nc3 Bb4 4. exd5 exd5 5. Bd2 Nf6 6. Nf3 0-0 7. Be2 Nc6 8. 0-0 Bf5 9. a3 Bxc3 10. Bxc3 Ne4 11. Bd2 Qd6 12. Qc1 Rfe8 13. Bf4 Qd7 14. Rd1 f6 15. Bb5 a6 16. Ba4 b5 17. Bb3 Na5 18. Ba2 Re7 19. Bxc7 Nc4 20. Bxc4 bxc4 21. Bf4 Bg4 22. Re1 g5 23. Bg3 h5 24. h3 Bxf3 25. gxf3 Nxg3 26. Rxe7 Qxe7 27. fxg3 Re8 28. Qd2 Qe6 29. Qg2 Kg7 30. g4 h4 31. Kf1 Qe3 32. Qf2 Qf4 33. Rd1 a5 34. Rd2 a4 35. Re2 Qc1+ 36. Kg2 Rxe2 37. Qxe2 Qxb2 1/2-1/2

[Event "Nittenau-ch 7th"]
[Site "Nittenau"]
[Date "2007.??.??"]
[Round "3"]
[White "Riedl, Maximilian"]
[Black "Kammer, Thomas"]
[Result "0-1"]
[WhiteElo "1881"]
[BlackElo "1843"]
[PlyCount "118"]
[EventDate "2007.??.??"]
[EventType "swiss"]
[EventRounds "5"]
[EventCountry "GER"]
[SourceTitle "EXT 2010"]
[Source "ChessBase"]
[SourceDate "2010.11.25"]
[SourceVersion "1"]
[SourceVersionDate "2010.11.25"]
[SourceQuality "1"]

1. Nf3 f5 2. c4 Nf6 3. d4 d6 4. Nc3 g6 5. Qb3 Bg7 6. Bg5 Na6 7. e3 c5 8. Be2 0-0 9. 0-0 Rb8 10. Rfb1 Qe8 11. Nb5 Ne4 12. Qd1 h6 13. Bh4 e5 14. dxe5 dxe5 15. Bg3 Qe6 16. h3 Nxg3 17. fxg3 e4 18. Nh2 Qe5 19. Nf1 Be6 20. a3 Rbd8 21. Qe1 Qb8 22. Ra2 Nc7 23. Qa5 b6 24. Qa4 Nxb5 25. Qxb5 Be5 26. b4 Qc7 27. bxc5 bxc5 28. Qa6 Rd6 29. Qb7 Rf7 30. Qxc7 Rxc7 31. Kf2 Rb6 32. Rxb6 axb6 33. a4 Ra7 34. Ra3 Kf7 35. Nd2 Bd7 36. Bd1 Bc6 37. Bc2 Ke6 38. g4 Bc7 39. Ke2 Ke5 40. Nb1 Bd8 41. Nc3 Bd7 42. gxf5 gxf5 43. Ra1 Be6 44. Bb3 Rg7 45. Kf1 Rg3 46. Re1 Kd6 47. Re2 Kc6 48. Nd1 Bf7 49. Rf2 Bg6 50. Ke2 Bg5 51. Kd2 Kd6 52. a5 bxa5 53. Ba4 Ke5 54. Ke2 Bh5+ 55. Kf1 Bxe3 56. Rb2 Bd4 57. Rb5 Ra3 58. Bc2 Ra1 59. Ke1 Bc3+ 0-1

[Event "Nittenau-ch 06th"]
[Site "Nittenau"]
[Date "2006.09.17"]
[Round "4"]
[White "Kammer, Thomas"]
[Black "Hessler, Markus"]
[Result "1-0"]
[WhiteElo "1851"]
[BlackElo "1658"]
[PlyCount "69"]
[EventDate "2006.09.15"]
[EventType "swiss"]
[EventRounds "5"]
[EventCountry "GER"]
[SourceTitle "EXT 2022"]
[Source "ChessBase"]
[SourceDate "2021.10.06"]
[SourceVersion "1"]
[SourceVersionDate "2021.10.06"]
[SourceQuality "1"]

1. e4 e6 2. d4 d5 3. e5 c5 4. c3 Nc6 5. Nf3 Bd7 6. Be2 cxd4 7. cxd4 Nge7 8. Na3 Nf5 9. Nc2 Nh4 10. Nxh4 Qxh4 11. 0-0 Qd8 12. a3 Be7 13. Bd3 h5 14. b4 Qb6 15. Bb2 a6 16. Kh1 Na7 17. f4 g6 18. Ne1 Bb5 19. Rb1 Bxd3 20. Nxd3 Nc6 21. Nc5 Qc7 22. Qd3 Bxc5 23. dxc5 Ne7 24. Bd4 Nf5 25. Rfc1 h4 26. a4 Qd7 27. b5 Nxd4 28. Qxd4 h3 29. g3 axb5 30. axb5 Rc8 31. c6 bxc6 32. bxc6 Qc7 33. Qc5 Qe7 34. Qd6 Qc7 35. Qxc7 1-0

[Event "Nittenau-ch 06th"]
[Site "Nittenau"]
[Date "2006.09.17"]
[Round "5"]
[White "Wippich, Markus"]
[Black "Kammer, Thomas"]
[Result "1/2-1/2"]
[WhiteElo "2002"]
[BlackElo "1851"]
[PlyCount "49"]
[EventDate "2006.09.15"]
[EventType "swiss"]
[EventRounds "5"]
[EventCountry "GER"]
[SourceTitle "EXT 2022"]
[Source "ChessBase"]
[SourceDate "2021.10.06"]
[SourceVersion "1"]
[SourceVersionDate "2021.10.06"]
[SourceQuality "1"]

1. d4 f5 2. e4 fxe4 3. Nc3 Nf6 4. Bg5 Nc6 5. d5 Ne5 6. Qd4 Nf7 7. Bxf6 exf6 8. 0-0-0 Be7 9. Nxe4 0-0 10. d6 Nxd6 11. Nxd6 Bxd6 12. Nf3 Be5 13. Bc4+ Kh8 14. Nxe5 fxe5 15. Qxe5 d6 16. Qg3 Bd7 17. Rhe1 Qf6 18. Re2 Rae8 19. Rde1 Rxe2 20. Rxe2 g6 21. h4 Bc6 22. Bd3 Qf4+ 23. Qxf4 Rxf4 24. g3 Rf7 25. Kd2 1/2-1/2

[Event "Nittenau-ch 06th"]
[Site "Nittenau"]
[Date "2006.09.16"]
[Round "2"]
[White "Kammer, Thomas"]
[Black "Werner, Claus"]
[Result "0-1"]
[WhiteElo "1851"]
[BlackElo "2195"]
[PlyCount "44"]
[EventDate "2006.09.15"]
[EventType "swiss"]
[EventRounds "5"]
[EventCountry "GER"]
[SourceTitle "EXT 2022"]
[Source "ChessBase"]
[SourceDate "2021.10.06"]
[SourceVersion "1"]
[SourceVersionDate "2021.10.06"]
[SourceQuality "1"]

1. e4 c5 2. c3 b6 3. d4 cxd4 4. cxd4 Bb7 5. Bd3 Nf6 6. Nc3 Nc6 7. Nf3 d6 8. 0-0 g6 9. e5 dxe5 10. dxe5 Nd5 11. e6 fxe6 12. Ng5 Qd7 13. Nxe6 Qxe6 14. Nxd5 0-0-0 15. Nf4 Qf6 16. Qb3 e5 17. Ne2 Bc5 18. Be3 Nd4 19. Qc3 Nf3+ 20. Kh1 Qh4 21. h3 Ne1 22. f3 Rxd3 0-1

[Event "Nittenau-ch 5th"]
[Site "Nittenau"]
[Date "2005.09.03"]
[Round "5"]
[White "Kammer, Thomas"]
[Black "Bauer, Tobias"]
[Result "1-0"]
[WhiteElo "1928"]
[BlackElo "1586"]
[PlyCount "83"]
[EventDate "2005.09.01"]
[EventType "swiss"]
[EventRounds "7"]
[EventCountry "GER"]
[SourceTitle "EXT 2008"]
[Source "ChessBase"]
[SourceDate "2007.11.25"]
[SourceVersion "1"]
[SourceVersionDate "2007.11.25"]
[SourceQuality "1"]

1. e4 c5 2. c3 g6 3. d4 cxd4 4. cxd4 Bg7 5. Be3 d6 6. h3 Nf6 7. Bd3 0-0 8. Nf3 a6 9. 0-0 b5 10. Nbd2 Bb7 11. a4 bxa4 12. Rxa4 a5 13. Qb3 Ba6 14. Rfa1 Bxd3 15. Qxd3 Nc6 16. Qb5 Qd7 17. d5 Ne5 18. Qxd7 Nxf3+ 19. Nxf3 Nxd7 20. Rxa5 Rxa5 21. Rxa5 Bxb2 22. Ra7 Rd8 23. Bd4 Bc1 24. Ne1 Kf8 25. Nd3 Bd2 26. Kf1 f5 27. exf5 gxf5 28. Ke2 Bg5 29. Nb4 Bf6 30. Nc6 Bxd4 31. Nxd4 Nf6 32. Ne6+ Ke8 33. Nxd8 Kxd8 34. Ra3 Kd7 35. Ke3 e5 36. dxe6+ Kxe6 37. f3 Nd5+ 38. Kd4 Nf4 39. g4 Ne2+ 40. Ke3 Ng3 41. Ra1 h5 42. g5 1-0